Missing Word: Multiple Word Cities Quiz Stats

 Plays Quiz Updated Mar 25, 2019

Score 0/18 Timer 02:00
0 Plays Today
Hint Answer % Correct
_____ YorkNew
98.6%
_____ MarinoSan
95.6%
_____ AvivTel
95.3%
_____ AiresBuenos
92.9%
_____ PetersburgSaint
90.8%
_____ AngelesLos
90.3%
_____ KongHong
87.3%
_____ WorthFort
85.5%
_____ PauloSão
83.9%
Hint Answer % Correct
Kuala _____Lumpur
76.9%
Cape _____Town
75.9%
Addis _____Ababa
69.5%
_____ MoresbyPort
63.2%
Dar es _____Salaam
55.7%
_____ la VellaAndorra
50.9%
Wagga _____Wagga
47.8%
_____ Upon TyneNewcastle
43.3%
Port of _____Spain
42.4%

Today's Daily Dose

Missing Word
Banned Books (A-Z)

Word Ladder
Janis Joplin

Get the Picture
Occupations

You're not logged in!

Compare scores with friends on all Sporcle quizzes.
OR
Log In

Sporcle TV

Today on Sporcle TV


Watch our educational content, quiz creation guides, and fun videos on Sporcle TV.

Show Comments

Extras

Top Quizzes Today


Score Distribution

Your Account Isn't Verified!

In order to create a playlist on Sporcle, you need to verify the email address you used during registration. Go to your Sporcle Settings to finish the process.

Report this User

Report this user for behavior that violates our Community Guidelines.

Details: